Countries - by first letter in 15 seconds - Statistics

General Stats
  • This quiz has been taken 106 times
  • The average score is 165 of 197
Answers on the Map
Answers color-coded by a green-red scale on the quiz's map according to % correct below.
 
Answer Stats
Answer % Correct
Afghanistan
100%
Albania
100%
Algeria
100%
Andorra
100%
Angola
100%
Antigua and Barbuda
100%
Argentina
100%
Armenia
100%
Australia
100%
Austria
100%
Azerbaijan
100%
Ecuador
96%
Egypt
96%
El Salvador
96%
Equatorial Guinea
96%
Eritrea
96%
Estonia
96%
Eswatini
96%
Ethiopia
96%
Uganda
96%
Ukraine
96%
United Arab Emirates
96%
United Kingdom
96%
United States
96%
Uruguay
96%
Uzbekistan
96%
Gabon
91%
Gambia
91%
Georgia
91%
Germany
91%
Ghana
91%
Greece
91%
Grenada
91%
Guatemala
91%
Guinea
91%
Guinea Bissau
91%
Guyana
91%
Saint Kitts and Nevis
91%
Saint Lucia
91%
Saint Vincent and the Grenadines
91%
Samoa
91%
San Marino
91%
São Tomé and Príncipe
91%
Saudi Arabia
91%
Senegal
91%
Serbia
91%
Seychelles
91%
Sierra Leone
91%
Singapore
91%
Slovakia
91%
Slovenia
91%
Solomon Islands
91%
Somalia
91%
South Africa
91%
South Korea
91%
South Sudan
91%
Spain
91%
Sri Lanka
91%
Sudan
91%
Suriname
91%
Sweden
91%
Switzerland
91%
Syria
91%
Bahamas
87%
Bahrain
87%
Bangladesh
87%
Barbados
87%
Belarus
87%
Belgium
87%
Belize
87%
Benin
87%
Bhutan
87%
Bolivia
87%
Bosnia and Herzegovina
87%
Botswana
87%
Brazil
87%
Brunei
87%
Bulgaria
87%
Burkina Faso
87%
Burundi
87%
Cambodia
87%
Cameroon
87%
Canada
87%
Cape Verde
87%
Central African Republic
87%
Chad
87%
Chile
87%
China
87%
Colombia
87%
Comoros
87%
Costa Rica
87%
Croatia
87%
Cuba
87%
Cyprus
87%
Czech Republic
87%
Denmark
87%
Djibouti
87%
Dominica
87%
Dominican Republic
87%
DR Congo
87%
Fiji
87%
Finland
87%
France
87%
Haiti
87%
Honduras
87%
Hungary
87%
Iceland
87%
India
87%
Indonesia
87%
Iran
87%
Iraq
87%
Ireland
87%
Israel
87%
Italy
87%
Ivory Coast
87%
Jamaica
83%
Japan
83%
Jordan
83%
Kazakhstan
83%
Kenya
83%
Kiribati
83%
Kosovo
83%
Kuwait
83%
Kyrgyzstan
83%
Laos
83%
Latvia
83%
Lebanon
83%
Lesotho
83%
Liberia
83%
Libya
83%
Liechtenstein
83%
Lithuania
83%
Luxembourg
83%
Oman
83%
Pakistan
83%
Palau
83%
Palestine
83%
Panama
83%
Papua New Guinea
83%
Paraguay
83%
Peru
83%
Philippines
83%
Poland
83%
Portugal
83%
Republic of the Congo
78%
Romania
78%
Russia
78%
Rwanda
78%
Madagascar
74%
Malawi
74%
Malaysia
74%
Maldives
74%
Mali
74%
Malta
74%
Marshall Islands
74%
Mauritania
74%
Mauritius
74%
Mexico
74%
Micronesia
74%
Moldova
74%
Monaco
74%
Mongolia
74%
Montenegro
74%
Morocco
74%
Mozambique
74%
Myanmar
74%
Namibia
70%
Nauru
70%
Nepal
70%
Netherlands
70%
New Zealand
70%
Nicaragua
70%
Niger
70%
Nigeria
70%
North Korea
70%
North Macedonia
70%
Norway
70%
Qatar
70%
Taiwan
65%
Tajikistan
65%
Tanzania
65%
Thailand
65%
Timor-Leste
65%
Togo
65%
Tonga
65%
Trinidad and Tobago
65%
Tunisia
65%
Turkey
65%
Turkmenistan
65%
Tuvalu
65%
Vanuatu
57%
Vatican City
57%
Venezuela
57%
Vietnam
57%
Zambia
52%
Zimbabwe
52%
Yemen
43%
No matching quizzes found
Score Distribution
Percent of People with Each Score
Percentile by Number Answered
Your Score History
You have not taken this quiz